00709nam a2200205Ia 450000500170000000800410001702000150005808200220007310000370009524500630013225000180019526000340021330000240024733600100027133700140028133800120029550400410030750501210034865000340046920231102150659.0120622s2006 mx r 000 0 spa d a9700761053 a340.9bA679d 20061 aArellano García, Carloseautor10aDerecho internacional privadoc / Carlos Arellano García a16a.edición3 aMéxicob : Porrúac, 2006 axxx, 1029 páginas atexto asin medio avolumen aIncluye: bibliografía pp.1012-1016 aNociones generales La nacionalidad Condición de extranjeros Conflictos de leyes Conflictos de competencia judicial14aDERECHO INTERNACIONAL PRIVADO